书目信息 |
| 书名: | Biology | |
| 作者: | David Krogh. | |
| 分册号: | ||
| 分册名: | 出版地: | Upper Saddle River, N.J. : |
|
| 出版社: | Prentice Hall | |
| 出版时间: | c2000. | |
| 页数: | xxxiii, 678 p. : | |
| 开本: | 29 cm. + | |
| 丛书名: | ||
| 中图分类号: | ||
| 科图分类号: | ||
| 其他分类号: | Q1 | |
| 主题词: | ||
| 电子资源: | ||
| 000 | 00675nam 22000229i 450 | |
| 001 | E0739796195 | |
| 005 | 20070414110400.29 | |
| 008 | 990802m2000 u y a 001 0 | |
| 020 | @a0130142387 (CD-ROM). | |
| 020 | @a0023668911 :@c986.00. | |
| 020 | @a0130873942 (pbk.). | |
| 041 | @aeng | |
| 050 | @aQH308.2@b.K76 2000 | |
| 082 | 04 | @a570@221 |
| 090 | @aQ-62 | |
| 090 | @aQ1 | |
| 099 | @dQ1@ex20 | |
| 100 | 1 | @aKrogh@cDavid,@d1949- |
| 245 | 10 | @aBiology / @cDavid Krogh. |
| 260 | 1 | @aUpper Saddle River, N.J. :@bPrentice Hall,@cc2000. |
| 300 | @axxxiii, 678 p. :@bill. (some col.), col. maps ;@c29 cm. +@e1 computer laser optical disc (4 3/4 in.). | |
| 650 | 4 | @aBiology |
| Biology / / David Krogh.-Upper Saddle River, N.J. : : Prentice Hall, , c2000. |
| xxxiii, 678 p. : : ill. (some col.), col. maps ; ; 29 cm. + + 1 computer laser optical disc (4 3/4 in.). |
| ISBN 0130142387 (CD-ROM). |
| ● |
| 相关链接 |
|
|
|
|
正题名:Biology
索取号:Q1/x20
 
预约/预借
| 序号 | 登录号 | 条形码 | 馆藏地/架位号 | 状态 | 备注 |
| 1 | 004064 | 300040649 | 第二样本阅览室/ [索取号:Q1/x20] | 在馆 |